02225nam a2200661 a 450000500170000000800410001702000150005804100080007310000320008124500650011325000110017826000360018930000110022550000960023665300420033265300150037465300150038965300250040465300250042965300420045465300320049665300170052865300250054565300290057065300150059965300340061465300370064865300500068565300450073565300240078065300280080465300290083265300140086165300220087565300270089765300330092465300340095765300230099165300280101465300300104265300180107265300190109065300380110965300310114765300260117865300330120465300370123765300220127465300320129665300390132865300260136765300430139365300250143665300200146165300390148165300240152065300190154420240429133708.0100708s2004||||ag a f |||| 001 0 spa d a9509539449 aspa1 aLópez Laur, José Daniel aManual de urología moderna / cJosé Daniel López Laur a1a ed. aBuenos Aires: bAtlante;c2004. a384 p. aLópez Laur, J. D. (2004). Manual de urología moderna. (1a ed.). Buenos Aires : Atlante. aMedios de diagnóstico en urología aUrodinamia aHematurias aBiología molecular aMarcadores tumorales aFisiología urinaria e hidronefrosis aUropatía obstructiva baja aProstatismos aBolsa escrotal aguda aBolsa escrotal crónica aLumbalgias aRetención completa de orina aRetención urinaria en la mujer aIncontiencia de orina de esfuerzo en la mujer aIncontinencia de orina extrauretrales II aLesiones ureterales aInfecciones urinarias I aInfecciones urinarias II aUretritis aTraumatismo renal aTraumatismos vesicales aTraumatismos uretra anterior aTraumatismos uretra posterior aVejiga neurógena aUrología geriátrica aFarmacología y embarazo aDolor genital aCólico renal aLesiones de pene no neoplásicas aInfertilidad en el varón aDisfunciones sexuales aPSA: aplicación práctica aHiperplasia prostática benigna aLitiasis urinaria aSíndrome doloroso vesical aTratamiento del cáncer de vejiga aTumores de próstata aTumores de riñón y vía excretora aTumores de testiculo aTumores de pene aNutrición y cáncer urológico aPatología uretral aEndourología